[Event "Russian Championship G11 1st league 2016"]
[Site "Loo"]
[Date "2016.04.26"]
[Round "7.16"]
[White "Sautina, Elizaveta"]
[Black "Stakina, Melissa"]
[Result "0-1"]
[WhiteElo "1017"]
[BlackElo "1332"]
[PlyCount "100"]
[EventDate "2016.04.20"]

1. e4 e5 2. Nf3 Nc6 3. d4 exd4 4. Nxd4 Nf6 5. Nxc6 bxc6 6. Bd3 Be7 7. Nc3 d5 8.
exd5 cxd5 9. Bf4 c6 10. O-O O-O 11. Re1 Re8 12. Qf3 Bg4 13. Qg3 Qd7 14. Bg5 Nh5
15. Qh4 f6 16. f3 Bc5+ 17. Kf1 fxg5 18. Qxg4 Qxg4 19. fxg4 Rf8+ 20. Ke2 Rf2+
21. Kd1 Nf4 22. Ne2 Nxg2 23. Rg1 Ne3+ 24. Kd2 Rxh2 25. Rh1 Nxg4 26. Raf1 Be3+
27. Kd1 Bf2 28. Kd2 Rf8 29. c3 h5 30. b4 h4 31. Ba6 Ne3 32. Rb1 Rxh1 33. Rxh1
Nc4+ 34. Kd3 Rf3+ 35. Kc2 h3 36. Bb7 Ne5 37. Nd4 Bxd4 38. cxd4 Nd3 39. b5 Nb4+
40. Kb2 cxb5 41. a3 Nd3+ 42. Kc2 Nf4 43. Kb2 Rf2+ 44. Kc3 h2 45. Kb4 g4 46. Kc5
g3 47. Bxd5+ Nxd5 48. Kxd5 g2 49. Re1 h1=Q 50. Rxh1 gxh1=Q+ 0-1

[Event "Russian Championship G11 1st league 2016"]
[Site "Loo"]
[Date "2016.04.27"]
[Round "8.1"]
[White "Shestakova, Bogdana"]
[Black "Lesnykh, Zhanna"]
[Result "1-0"]
[WhiteElo "1605"]
[BlackElo "1391"]
[PlyCount "123"]
[EventDate "2016.04.20"]

1. e4 e6 2. d3 d5 3. Nd2 c5 4. Ngf3 Nc6 5. g3 Be7 6. Bg2 Nf6 7. O-O O-O 8. Re1
Qc7 9. Nf1 Rd8 10. e5 Nd7 11. Bf4 b5 12. h4 Nf8 13. h5 h6 14. N1h2 Nh7 15. Qd2
Nd4 16. Nxd4 cxd4 17. a3 Bg5 18. Bxg5 Nxg5 19. f4 Nh7 20. g4 Bd7 21. Nf3 Qc5
22. Rac1 Rab8 23. Qb4 Rdc8 24. Qxc5 Rxc5 25. Nxd4 b4 26. Rb1 Nf8 27. Kf2 Ra5
28. Nb3 Ra6 29. axb4 Rxb4 30. d4 Ba4 31. Nc5 Rc6 32. c3 Rxc5 33. dxc5 Rb3 34.
Ke3 Nd7 35. Kd4 Nb8 36. Bf1 Nc6+ 37. Ke3 d4+ 38. Kd2 Rb8 39. Bc4 dxc3+ 40. Kxc3
Ne7 41. b4 Bb5 42. Bxb5 Rxb5 43. Kc4 Rb8 44. b5 Nd5 45. c6 Nxf4 46. Red1 Nd5
47. Rxd5 exd5+ 48. Kxd5 Kf8 49. c7 Rc8 50. Kc6 Ke7 51. Ra1 Ke6 52. Rxa7 Kxe5
53. b6 Kf4 54. b7 Rxc7+ 55. Kxc7 Kxg4 56. b8=Q f5 57. Qe8 f4 58. Kd6 f3 59.
Rxg7+ Kh4 60. Qe4+ Kh3 61. Qxf3+ Kh2 62. Qg2# 1-0

[Event "Russian Championship G11 1st league 2016"]
[Site "Loo"]
[Date "2016.04.27"]
[Round "8.2"]
[White "Sosnina, Nadezhda"]
[Black "Dorokhina, Elizaveta"]
[Result "0-1"]
[WhiteElo "1555"]
[BlackElo "1344"]
[PlyCount "120"]
[EventDate "2016.04.20"]

1. e4 c5 2. Nf3 d6 3. c3 Nf6 4. h3 Nc6 5. Bd3 g6 6. Bc2 Bg7 7. O-O O-O 8. d4
cxd4 9. cxd4 a6 10. Nc3 b5 11. a3 Bb7 12. Re1 Rc8 13. Be3 Na5 14. Nd2 Qd7 15.
d5 Qc7 16. Bd4 Nd7 17. Bxg7 Kxg7 18. Rc1 Ne5 19. f4 Nec4 20. Nxc4 Nxc4 21. Rb1
Nxb2 22. Rxb2 Qxc3 23. Ra2 Rc4 24. Rf1 Rfc8 25. Rf3 Qd4+ 26. Qxd4+ Rxd4 27. Rf2
Rc3 28. Kh2 a5 29. g4 e6 30. dxe6 fxe6 31. e5 Rf3 32. Rxf3 Bxf3 33. exd6 Rxd6
34. Bb3 Kf6 35. Kg3 Rd3 36. Bc2 Rc3 37. Kh2 Bd5 38. Rb2 Rxa3 39. g5+ Ke7 40. h4
Ra2 41. Rxa2 Bxa2 42. h5 Kf7 43. hxg6+ hxg6 44. Kg3 b4 45. Kf3 Bc4 46. Ke3 b3
47. Bb1 a4 48. Kd2 a3 49. Kc1 a2 50. Bxa2 bxa2 51. Kb2 Ke7 52. Ka1 Kd6 53. Kb2
Kd5 54. Ka1 Ke4 55. Kb2 Kxf4 56. Ka1 e5 57. Kb2 e4 58. Ka1 e3 59. Kb2 e2 60.
Ka1 e1=Q+ 0-1

[Event "Russian Championship G11 1st league 2016"]
[Site "Loo"]
[Date "2016.04.27"]
[Round "8.3"]
[White "Borodkina, Sofia"]
[Black "Shatkovskaia, Elizaveta"]
[Result "1-0"]
[WhiteElo "1415"]
[BlackElo "1140"]
[PlyCount "91"]
[EventDate "2016.04.20"]

1. e4 e5 2. Nf3 d6 3. Bc4 Be6 4. Bb3 Bxb3 5. axb3 Nf6 6. Nc3 Nbd7 7. d3 Be7 8.
h3 O-O 9. Be3 c6 10. g4 h6 11. g5 Nh7 12. gxh6 g6 13. Rg1 a6 14. Rg2 Ndf6 15.
Ne2 Qd7 16. b4 Nh5 17. Ng5 f6 18. Nf3 Qxh3 19. Rxg6+ Kh8 20. Ng3 Nf4 21. Bxf4
exf4 22. Nf5 Rae8 23. Nxe7 Rxe7 24. Kd2 Rfe8 25. Qh1 Qd7 26. Qh2 d5 27. Qxf4
dxe4 28. Nh2 exd3 29. cxd3 Re2+ 30. Kc3 R8e5 31. d4 R5e4 32. Qb8+ Re8 33. Qg3
c5 34. Nf3 cxd4+ 35. Nxd4 Rc8+ 36. Kd3 Rce8 37. Rg1 Qd5 38. Qg4 Rxf2 39. Rxf6
Qe4+ 40. Qxe4 Rxe4 41. Rxf2 Rh4 42. Rc2 Nf6 43. Rc8+ Kh7 44. Rg7+ Kxh6 45. Nf5+
Kh5 46. Rh8+ 1-0

[Event "Russian Championship G11 1st league 201"]
[Site "Loo"]
[Date "2016.04.27"]
[Round "8.6"]
[White "Fedoricheva, Ekaterina"]
[Black "Nuritdinova, Ilzira"]
[Result "1-0"]
[WhiteElo "1387"]
[BlackElo "1353"]
[PlyCount "99"]
[EventDate "2016.04.20"]

1. c4 e5 2. Nc3 Nf6 3. d3 Nc6 4. g3 Bb4 5. Bg2 O-O 6. e3 d5 7. cxd5 Nxd5 8. Bd2
Be6 9. Nge2 Qd7 10. O-O Rad8 11. a3 Nxc3 12. bxc3 Ba5 13. d4 Bc4 14. Re1 Rfe8
15. Qa4 b5 16. Qc2 exd4 17. cxd4 Bxd2 18. Qxd2 Bxe2 19. Rxe2 Ne5 20. Qa5 Nc4
21. Qxa7 Re6 22. Bh3 Rc8 23. Bxe6 Qxe6 24. Qc5 Qa6 25. Qb4 Qb6 26. a4 bxa4 27.
Qxc4 Ra8 28. Rxa4 Rxa4 29. Qxa4 h6 30. Qc2 Qa6 31. Qa2 Qb6 32. Rb2 Qc6 33. Rb8+
Kh7 34. Qb1+ g6 35. Qb2 Qf3 36. Qa1 g5 37. Qb1+ Kg7 38. Rb7 Qc6 39. Qb2 Qd5 40.
Rxc7 Qa5 41. d5+ Kh7 42. Rxf7+ Kg6 43. Rg7+ Kf5 44. Qc2+ Kf6 45. Rg6+ Ke5 46.
Re6+ Kxd5 47. Qf5+ Kc4 48. Qxa5 Kd3 49. Rd6+ Ke4 50. Qd5# 1-0

[Event "Russian Championship G11 1st league 2016"]
[Site "Loo"]
[Date "2016.04.27"]
[Round "8.6"]
[White "Mikhailina, Olga"]
[Black "Zaytseva, Dariya"]
[Result "1/2-1/2"]
[WhiteElo "1215"]
[BlackElo "1382"]
[PlyCount "84"]
[EventDate "2016.04.20"]

1. e4 c5 2. Nf3 Nc6 3. c3 Nf6 4. Bd3 e6 5. Bc2 Be7 6. O-O O-O 7. d4 cxd4 8.
cxd4 b6 9. Nc3 d5 10. e5 Nd7 11. a3 Re8 12. Qd3 Nf8 13. Be3 f6 14. exf6 Bxf6
15. Rfe1 Bb7 16. Bf4 a6 17. Re2 b5 18. b4 Rc8 19. Rc1 Qd7 20. Bb3 Ng6 21. Bg3
Qd8 22. Rce1 Nf8 23. Nxd5 Kh8 24. Nxf6 Qxf6 25. Be5 Nxe5 26. dxe5 Qh6 27. Qe3
Qg6 28. h3 Qf7 29. Rc2 Qd7 30. Rxc8 Rxc8 31. Qd4 Qf7 32. Qg4 Bxf3 33. Qxf3 Qxf3
34. gxf3 Rc3 35. Re3 Rc1+ 36. Kg2 Ra1 37. Bc2 Rc1 38. Be4 Rc7 39. Rd3 Kg8 40.
Rd8 Rc3 41. Bxh7+ Kxh7 42. Rxf8 Kg6 1/2-1/2

[Event "Russian Championship G11 1st league 2016"]
[Site "Loo"]
[Date "2016.04.27"]
[Round "8.7"]
[White "Mutina, Ksenia"]
[Black "Kalustova, Marina"]
[Result "0-1"]
[WhiteElo "1302"]
[BlackElo "1212"]
[PlyCount "150"]
[EventDate "2016.04.20"]

1. c4 c5 2. Nc3 Nc6 3. g3 g6 4. Bg2 Bg7 5. d3 Nf6 6. Nf3 d6 7. e4 e5 8. O-O O-O
9. Be3 Rb8 10. Qd2 a6 11. a4 Ng4 12. Bg5 f6 13. Be3 Nxe3 14. Qxe3 Nd4 15. Qd2
Nb3 16. Qc2 Nxa1 17. Rxa1 f5 18. Rd1 f4 19. Nd5 fxg3 20. hxg3 Bg4 21. Qe2 Qe8
22. Qe3 h6 23. Ra1 Qf7 24. Nd2 Kh7 25. f3 Be6 26. Nc3 h5 27. Qe2 Bh6 28. Nb3 g5
29. Rf1 h4 30. g4 Qf6 31. Kh1 Rf7 32. Kg1 Rbf8 33. Kh1 Qf4 34. Nd2 Qg3 35. Rg1
Qf4 36. b3 Kg6 37. Qf2 Bxg4 38. Nd5 Qg3 39. Qxg3 hxg3 40. fxg4 Bg7 41. Re1 Rh8+
42. Kg1 Rhf8 43. Nf3 Rb8 44. Rb1 b5 45. cxb5 axb5 46. axb5 Rxb5 47. b4 cxb4 48.
Rxb4 Ra5 49. Rb1 Ra3 50. Rd1 Rb7 51. d4 exd4 52. Nxd4 Ra1 53. Rxa1 Bxd4+ 54.
Kf1 Bxa1 55. Ke2 Rf7 56. Bf3 Rb7 57. Kf1 Rb2 58. Kg1 Rf2 59. Bg2 Bd4 60. Kh1
Rd2 61. Ne7+ Kf7 62. Nf5 Rd1+ 63. Bf1 Rxf1+ 64. Kg2 Rg1+ 65. Kf3 Be5 66. Nh6+
Kg6 67. Nf5 Rf1+ 68. Kg2 Rf2+ 69. Kg1 Re2 70. Nxd6 Bxd6 71. e5 Bxe5 72. Kf1 g2+
73. Kg1 Bd4+ 74. Kh2 g1=Q+ 75. Kh3 Rh2# 0-1

[Event "Russian Championship G11 1st league 2016"]
[Site "Loo"]
[Date "2016.04.27"]
[Round "8.8"]
[White "Elnikova, Milena"]
[Black "Volkorez, Ruslana"]
[Result "0-1"]
[WhiteElo "1203"]
[BlackElo "1228"]
[PlyCount "72"]
[EventDate "2016.04.20"]

1. c4 c5 2. Nc3 e6 3. g3 d5 4. b3 Nf6 5. Bg2 Nc6 6. e3 Be7 7. Nge2 d4 8. exd4
cxd4 9. Ne4 O-O 10. O-O Nxe4 11. Bxe4 f5 12. Bg2 Nb4 13. d3 e5 14. a3 Nc6 15.
f4 Bf6 16. fxe5 Nxe5 17. h3 Rb8 18. Bd5+ Kh8 19. Bf4 Re8 20. Nxd4 Qb6 21. Be3
Ng6 22. Nxf5 Rxe3 23. Nxe3 Qxe3+ 24. Kg2 Bxa1 25. Qxa1 Be6 26. Re1 Bxd5+ 27.
cxd5 Qxd3 28. Qd1 Qxd1 29. Rxd1 Rd8 30. Kf3 Ne7 31. Ke4 Kg8 32. d6 Nc8 33. Ke5
Kf7 34. d7 Nb6 35. Kd6 Rxd7+ 36. Ke5 Rxd1 0-1

[Event "Russian Championship G11 1st league 2016"]
[Site "Loo"]
[Date "2016.04.27"]
[Round "8.11"]
[White "Stakina, Melissa"]
[Black "Vidershpan, Viktoriia"]
[Result "1/2-1/2"]
[WhiteElo "1332"]
[BlackElo "1204"]
[PlyCount "91"]
[EventDate "2016.04.20"]

1. e4 e5 2. Nf3 Nc6 3. Bc4 Bc5 4. d3 Nf6 5. Nc3 h6 6. Be3 d6 7. Bxc5 dxc5 8.
Qd2 Bg4 9. h3 Bxf3 10. gxf3 Nd4 11. Qd1 Nh5 12. Nd5 c6 13. Ne3 Nf4 14. c3 Nde6
15. Nf5 g6 16. Bxe6 Nxe6 17. Ne3 Nf4 18. Nc4 Nxd3+ 19. Ke2 Nf4+ 20. Kf1 Qxd1+
21. Rxd1 Rd8 22. Rxd8+ Kxd8 23. Nxe5 Ke7 24. Kg1 Rd8 25. Nc4 Rd1+ 26. Kh2 Rxh1+
27. Kxh1 Nxh3 28. Kg2 Nf4+ 29. Kg3 g5 30. Na5 h5 31. Nxb7 h4+ 32. Kh2 Nd3 33.
Kg2 Nf4+ 34. Kg1 Nh3+ 35. Kf1 Nf4 36. Nxc5 Kd6 37. Nb3 Nd3 38. Nd4 Nxb2 39.
Nf5+ Ke5 40. Kg2 Nd3 41. Nh6 Nf4+ 42. Kh2 f6 43. Ng4+ Ke6 44. Nh6 Nd3 45. Kg2
Nf4+ 46. Kh2 1/2-1/2

[Event "Russian Championship G11 1st league 2016"]
[Site "Loo"]
[Date "2016.04.27"]
[Round "8.12"]
[White "Kidlo, Anastasiia"]
[Black "Zavivaeva, Evelina"]
[Result "1-0"]
[WhiteElo "1261"]
[BlackElo "1217"]
[PlyCount "89"]
[EventDate "2016.04.20"]

1. e4 e6 2. d4 d5 3. exd5 exd5 4. Nf3 Bg4 5. h3 Bh5 6. Qe2+ Be7 7. Qb5+ c6 8.
Qxb7 Nd7 9. Qxc6 Bxf3 10. gxf3 Ngf6 11. Nc3 Rc8 12. Qb5 Rb8 13. Qd3 O-O 14. b3
Re8 15. Be2 Qc7 16. Bb2 Bb4 17. O-O-O Bxc3 18. Bxc3 Rxe2 19. Qxe2 Qxc3 20. Qd3
Qa1+ 21. Kd2 Qb2 22. Rhg1 Kf8 23. Qc3 Qa3 24. Rde1 Nb6 25. Qc5+ Qxc5 26. dxc5
Nbd7 27. Re3 Nxc5 28. Rge1 Rb7 29. Re5 Ne6 30. R5e3 Rb4 31. Rc3 a5 32. Rc8+ Ne8
33. Ra8 Rb5 34. f4 N6c7 35. Rd8 Rb4 36. Rd7 Ne6 37. f5 Ng5 38. Kc1 Rb8 39. Rxd5
Nxh3 40. f3 Ra8 41. Rh1 Nf4 42. Rc5 h6 43. Rh4 g5 44. Rxh6 Kg7 45. Rhc6 {
далее запись неразбор~~ива} 1-0

[Event "Russian Championship G13 2016"]
[Site "Loo"]
[Date "2016.04.27"]
[Round "8.1"]
[White "Garifullina, Leya"]
[Black "Yakimova, Mariya"]
[Result "1/2-1/2"]
[WhiteElo "1897"]
[BlackElo "1631"]
[PlyCount "104"]
[EventDate "2016.04.20"]

1. e4 c5 2. Nf3 d6 3. d4 cxd4 4. Nxd4 Nf6 5. Nc3 a6 6. Bg5 e6 7. f4 h6 8. Bh4
Be7 9. Qf3 Qc7 10. O-O-O Nbd7 11. Bd3 g5 12. fxg5 Ne5 13. Qe2 Nfg4 14. Nf3 hxg5
15. Bg3 Nxf3 16. Qxf3 Ne5 17. Bxe5 dxe5 18. Rhf1 Rh7 19. h4 Bd7 20. hxg5 Bxg5+
21. Kb1 O-O-O 22. Rh1 Rdh8 23. g3 Qd8 24. a3 Kb8 25. Be2 Qe7 26. Rxh7 Rxh7 27.
Qg4 f5 28. exf5 exf5 29. Qc4 Be6 30. Nd5 Qd6 31. Qb3 Rd7 32. c4 Qc5 33. Qc3 e4
34. g4 Qf2 35. Qe5+ Ka7 36. Qxe6 Qxe2 37. Qb6+ Kb8 38. Rh1 Bh4 39. gxf5 Qxc4
40. Ne3 Qd3+ 41. Ka2 Bg5 42. Rh8+ Rd8 43. Rxd8+ Bxd8 44. Qb3 Kc7 45. Qxd3 exd3
46. Kb3 Bg5 47. Nd1 Kd6 48. Nf2 d2 49. Kc2 Ke5 50. f6 Kxf6 51. Ne4+ Kg6 52.
Nxg5 d1=Q+ 1/2-1/2

[Event "Russian Championship G13 2016"]
[Site "Loo"]
[Date "2016.04.27"]
[Round "8.2"]
[White "Tereshechkina, Taisiya"]
[Black "Stepanyan, Eva"]
[Result "1-0"]
[WhiteElo "1679"]
[BlackElo "1737"]
[PlyCount "53"]
[EventDate "2016.04.20"]

1. e4 c5 2. Nf3 e6 3. d4 cxd4 4. Nxd4 a6 5. c4 Nf6 6. Bd3 Qc7 7. O-O d6 8. Nc3
Be7 9. Nc2 Nbd7 10. Ne3 b6 11. f3 Bb7 12. Qd2 Rc8 13. Rd1 O-O 14. Bf1 Rfd8 15.
Qe2 Bf8 16. Bd2 Ne5 17. Be1 Be7 18. Bf2 Bc6 19. a4 Bb7 20. Rab1 Nc6 21. b4 Ne5
22. Qa2 Nfd7 23. f4 Ng6 24. f5 Ngf8 25. fxe6 Nxe6 26. Ned5 Bxd5 27. Nxd5 1-0

[Event "Russian Championship G13 2016"]
[Site "Loo"]
[Date "2016.04.27"]
[Round "8.3"]
[White "Mironenko, Galina"]
[Black "Sovina, Maria"]
[Result "1/2-1/2"]
[WhiteElo "1731"]
[BlackElo "1605"]
[PlyCount "115"]
[EventDate "2016.04.20"]

1. e3 d5 2. f4 c5 3. Nf3 Nc6 4. b3 Nf6 5. Bb5 Bd7 6. Bb2 e6 7. O-O Be7 8. a4
O-O 9. Bxc6 Bxc6 10. Ne5 Be8 11. d3 Kh8 12. Nd2 Nd7 13. Ndf3 f6 14. Nxd7 Qxd7
15. Qe1 Bg6 16. Nh4 Bh5 17. f5 e5 18. e4 d4 19. Qg3 a6 20. Qh3 g5 21. Nf3 Bf7
22. Qh6 Rg8 23. g4 Qd6 24. Nd2 b5 25. Rf2 Rgb8 26. Nf1 c4 27. bxc4 bxc4 28. Ba3
Qd7 29. Rf3 cxd3 30. cxd3 Rb3 31. Bxe7 Qxe7 32. Rh3 Bg8 33. Rc1 Rab8 34. Rc6
R8b6 35. Rc8 Rb8 36. Rc6 R3b6 37. Rc1 Qg7 38. Qxg7+ Kxg7 39. Rc7+ Bf7 40. Ra7
Rc6 41. Rf3 Rb4 42. Rf2 Kf8 43. Ra8+ Ke7 44. Ra7+ Kf8 45. Ra8+ Kg7 46. Ra7 Rb3
47. Rd2 Rb1 48. Kf2 Rb3 49. Ng3 Kf8 50. Ra8+ Ke7 51. Ra7+ Ke8 52. Ra8+ Ke7 53.
Ra7+ Kf8 54. Ra8+ Kg7 55. Ra7 Kf8 56. Ra8+ Kg7 57. Ra7 Kf8 58. Ra8+ 1/2-1/2

[Event "Russian Championship G13 2016"]
[Site "Loo"]
[Date "2016.04.27"]
[Round "8.4"]
[White "Zyapaeva, Polina"]
[Black "Baisheva, Nyurguiaana"]
[Result "0-1"]
[WhiteElo "1650"]
[BlackElo "1603"]
[PlyCount "104"]
[EventDate "2016.04.20"]

1. e4 c5 2. Nc3 d6 3. g3 Nf6 4. Bg2 e6 5. f4 Be7 6. Nf3 Nc6 7. d3 a6 8. a4 Qc7
9. O-O b6 10. h3 Bb7 11. Be3 Nb4 12. Re1 d5 13. exd5 Nfxd5 14. Nxd5 Nxd5 15.
Bf2 Bf6 16. d4 cxd4 17. Bxd4 O-O 18. Bxf6 Nxf6 19. Kh2 Rfd8 20. Qe2 Rd6 21.
Rad1 Rad8 22. Rxd6 Qxd6 23. Kh1 Ne4 24. Kh2 Nf6 25. Kh1 h6 26. Kh2 Qb4 27. Rd1
Rxd1 28. Qxd1 Qxa4 29. Qd8+ Kh7 30. b3 Qd7 31. Qxb6 Bxf3 32. Bxf3 Qd2+ 33. Bg2
Qxc2 34. Qxa6 Qxb3 35. Qe2 g6 36. Bf3 Nd5 37. Bg2 Ne3 38. Be4 Qc3 39. Bd3 Qd4
40. Kh1 Nd5 41. Ba6 Nc3 42. Qf1 Ne4 43. Kh2 Qe3 44. Qg2 h5 45. Bb7 Nd6 46. Ba6
h4 47. Bf1 Nf5 48. gxh4 Qxf4+ 49. Kg1 Ne3 50. Qe2 Qxf1+ 51. Qxf1 Nxf1 52. Kxf1
e5 0-1

[Event "Russian Championship G13 2016"]
[Site "Loo"]
[Date "2016.04.27"]
[Round "8.5"]
[White "Nasybullina, Dayana"]
[Black "Nasyrova, Ekaterina"]
[Result "1/2-1/2"]
[WhiteElo "1652"]
[BlackElo "2060"]
[PlyCount "155"]
[EventDate "2016.04.20"]

1. e4 e5 2. Nf3 Nc6 3. Bb5 Nf6 4. Nc3 Bd6 5. d3 a6 6. Ba4 b5 7. Bb3 O-O 8. Bg5
Be7 9. O-O Bb7 10. a4 b4 11. Bxf6 Bxf6 12. Nd5 a5 13. c3 Re8 14. Qd2 Rb8 15.
Rfe1 Ba6 16. Rab1 Be7 17. Nxe7+ Qxe7 18. d4 d6 19. Bd5 Na7 20. Qe3 c6 21. Bb3
Nc8 22. Qg5 c5 23. Qxe7 Rxe7 24. dxc5 dxc5 25. Rbd1 Nb6 26. cxb4 cxb4 27. Rd6
Kf8 28. Red1 f6 29. Nh4 Bc4 30. Rxb6 Rxb6 31. Bxc4 g6 32. b3 Ke8 33. Bb5+ Kf7
34. Kf1 Rc7 35. Bc4+ Ke7 36. Rd5 Ra7 37. Nf3 Rd6 38. Nd2 Rxd5 39. Bxd5 Kd6 40.
Nc4+ Kc5 41. Ke2 Ra6 42. Ke3 Ra7 43. Nb2 Rc7 44. Nd3+ Kd6 45. Bc4 f5 46. f4
exf4+ 47. Nxf4 Re7 48. Bd5 Re5 49. Kd4 fxe4 50. Bxe4 Rc5 51. Bd3 Rc3 52. Bc4
Rc2 53. Ne2 Rd2+ 54. Ke3 Rd1 55. g3 Rh1 56. h4 Re1 57. Kf4 h6 58. Bg8 Rf1+ 59.
Kg4 Ke5 60. Nf4 Kf6 61. Bc4 Rc1 62. Nd3 Rc2 63. Nc5 Rc1 64. Nd7+ Ke7 65. Ne5
Kf6 66. Nd3 Rc3 67. Nf4 Rc1 68. Kf3 g5 69. hxg5+ hxg5 70. Nd5+ Ke5 71. Ne3 Rc3
72. Ke2 Ke4 73. Nf1 Kd4 74. g4 Rc2+ 75. Kd1 Rg2 76. Be2 Kc3 77. Bc4 Rxg4 78.
Ne3 1/2-1/2

[Event "Russian Championship G13 2016"]
[Site "Loo"]
[Date "2016.04.27"]
[Round "8.6"]
[White "Loskutova, Viktoriya"]
[Black "Erokhova, Violetta"]
[Result "1-0"]
[WhiteElo "1820"]
[BlackElo "1618"]
[PlyCount "93"]
[EventDate "2016.04.20"]

1. e4 c6 2. c4 d5 3. exd5 cxd5 4. cxd5 Nf6 5. Nc3 Nxd5 6. Nf3 Nc6 7. Bb5 e6 8.
O-O a6 9. Bxc6+ bxc6 10. d4 Bb7 11. Bg5 Qa5 12. Ne4 h6 13. Bd2 Qb6 14. Qc2 Rc8
15. Qa4 Be7 16. Ne5 Qb5 17. Qxb5 cxb5 18. Rac1 O-O 19. a3 Rfd8 20. Ba5 Rxc1 21.
Rxc1 Rc8 22. Rxc8+ Bxc8 23. Nc3 Nxc3 24. Bxc3 Bd6 25. Nd3 Kf8 26. Bb4 Bxb4 27.
Nxb4 Bb7 28. f3 Ke7 29. Kf2 Kd6 30. Ke3 a5 31. Nd3 Kd5 32. Nc5 Bc8 33. Ne4 Bd7
34. b3 a4 35. Nc3+ Kd6 36. bxa4 bxa4 37. Kd3 Bc6 38. Kc4 Kc7 39. Kb4 Kd6 40.
Kc4 f5 41. Ne2 e5 42. dxe5+ Kxe5 43. Kb4 g5 44. Kc5 Bd7 45. Nc3 Kf4 46. Kd4 Bc6
47. Ne2# 1-0

[Event "Russian Championship G13 2016"]
[Site "Loo"]
[Date "2016.04.27"]
[Round "8.7"]
[White "Bondareva, Daria"]
[Black "Davydova, Kira"]
[Result "1-0"]
[WhiteElo "1601"]
[BlackElo "1762"]
[PlyCount "83"]
[EventDate "2016.04.20"]

1. e4 d6 2. d4 g6 3. Nc3 Bg7 4. Be3 a6 5. Qd2 b5 6. Bd3 Nd7 7. Nf3 c5 8. dxc5
Nxc5 9. Rd1 Nxd3+ 10. cxd3 Bb7 11. O-O Nf6 12. a4 b4 13. Ne2 a5 14. Bh6 O-O 15.
Bxg7 Kxg7 16. Ng3 Qd7 17. b3 Rac8 18. Rc1 Rxc1 19. Rxc1 Rc8 20. Ne2 Ba6 21. Rc2
Qb7 22. Rxc8 Qxc8 23. Qc1 Qb7 24. Qc2 Qd7 25. Nd2 d5 26. e5 Ng4 27. Nf3 Qf5 28.
Ned4 Qxd3 29. Qxd3 Bxd3 30. h3 Nh6 31. Nc6 Kf8 32. Nxa5 Bc2 33. Nd4 Bd3 34.
Nac6 e6 35. Nxb4 Bb1 36. Ne2 g5 37. a5 Nf5 38. Nc3 Be4 39. Nxe4 dxe4 40. a6 Ne7
41. a7 Kg7 42. a8=Q 1-0

[Event "Russian Championship G13 2016"]
[Site "Loo"]
[Date "2016.04.27"]
[Round "8.8"]
[White "Dubnikova, Anastasia"]
[Black "Zelenskaya, Anastasiya"]
[Result "1-0"]
[WhiteElo "1686"]
[BlackElo "1610"]
[PlyCount "77"]
[EventDate "2016.04.20"]

1. d4 Nf6 2. c4 g6 3. Nc3 Bg7 4. e4 d6 5. Nf3 O-O 6. Be2 e5 7. O-O Nc6 8. d5
Ne7 9. Ne1 Nd7 10. Be3 f5 11. f3 f4 12. Bf2 g5 13. Nd3 Nf6 14. c5 h5 15. cxd6
cxd6 16. h3 Bh6 17. Qb3 Kh7 18. Nb5 a6 19. Na7 Bd7 20. Qxb7 g4 21. Nc6 Qe8 22.
hxg4 hxg4 23. fxg4 Nxe4 24. Bf3 Nxf2 25. Nxf2 Kh8 26. Qc7 Bg7 27. Nxe7 Qxe7 28.
Ne4 Rad8 29. Rad1 Qh4 30. Nxd6 Kg8 31. Ne4 Bxg4 32. Qc3 Rf5 33. Bxg4 Qxg4 34.
Qf3 Qh4 35. Rd3 Qe7 36. d6 Qb7 37. Nf6+ Rxf6 38. Qxb7 Rfxd6 39. Rxd6 1-0

[Event "Russian Championship G13 2016"]
[Site "Loo"]
[Date "2016.04.27"]
[Round "8.9"]
[White "Shpakivskaya, Alina"]
[Black "Bodnaruk, Kseniya"]
[Result "1/2-1/2"]
[WhiteElo "1634"]
[BlackElo "1591"]
[PlyCount "80"]
[EventDate "2016.04.20"]

1. d4 d5 2. c4 e6 3. Nc3 Nf6 4. Bg5 Be7 5. cxd5 Nxd5 6. Bxe7 Qxe7 7. Nxd5 exd5
8. e3 O-O 9. Bd3 Nc6 10. Ne2 Nd8 11. Nf4 c6 12. a3 Ne6 13. Nxe6 Bxe6 14. O-O f5
15. Rc1 Rae8 16. Qc2 Rf7 17. Qc5 Qxc5 18. dxc5 g6 19. g3 Rd7 20. h4 d4 21. exd4
Rxd4 22. Bb1 Rd2 23. Rc2 Rxc2 24. Bxc2 Bd5 25. Bd3 Kg7 26. Rc1 Bf3 27. b4 Kf6
28. Ra1 Rd8 29. Bc4 Rd1+ 30. Rxd1 Bxd1 31. f4 h6 32. Kf2 b5 33. Ba2 g5 34.
hxg5+ hxg5 35. Ke3 Bc2 36. Kd4 gxf4 37. gxf4 Be4 38. Bb3 Bb1 39. Bg8 Bc2 40.
Ba2 Be4 1/2-1/2

[Event "Russian Championship G13 2016"]
[Site "Loo"]
[Date "2016.04.27"]
[Round "8.10"]
[White "Kirchei, Viktoriia"]
[Black "Murzina, Agata"]
[Result "1-0"]
[WhiteElo "1569"]
[BlackElo "1752"]
[PlyCount "80"]
[EventDate "2016.04.20"]

1. d3 d5 2. g3 e5 3. Bg2 f5 4. e3 Nf6 5. Ne2 Bd6 6. a3 Be6 7. b4 Nbd7 8. Bb2
O-O 9. Nd2 c6 10. c4 Qe7 11. h3 f4 12. O-O Nh5 13. exf4 exf4 14. Nd4 g6 15. g4
Ng7 16. Nxe6 Qxe6 17. Re1 Qf7 18. cxd5 cxd5 19. Qb3 Nb6 20. Bd4 f3 21. Nxf3
Rad8 22. Be3 Ne6 23. Qa2 Nf4 24. Ng5 Qf6 25. Bxf4 Qxf4 26. Ne6 Qh2+ 27. Kf1 Bg3
28. Nxf8 Rxf8 29. Re2 Be5 30. Rae1 Bc3 31. Rc1 Bd4 32. Bxd5+ Kh8 33. Bg2 Qf4
34. Rcc2 Nd7 35. Re4 Qd6 36. Qc4 Bb6 37. Rce2 Qb8 38. Re6 a6 39. Qc3+ Kg8 40.
Bd5 Qd6 1-0

[Event "Russian Championship G13 2016"]
[Site "Loo"]
[Date "2016.04.27"]
[Round "8.11"]
[White "Gibadullina, Rajana"]
[Black "Dashina, Sofiia"]
[Result "1-0"]
[WhiteElo "1569"]
[BlackElo "1534"]
[PlyCount "71"]
[EventDate "2016.04.20"]

1. e4 c5 2. Nc3 Nc6 3. Bc4 e6 4. d3 Nf6 5. Bg5 Be7 6. f4 h6 7. Bxf6 Bxf6 8. Nf3
Bxc3+ 9. bxc3 Qf6 10. Qd2 O-O 11. O-O Rd8 12. d4 d5 13. e5 Qe7 14. Bd3 a6 15.
Qf2 c4 16. Be2 b5 17. g4 a5 18. Qg3 g6 19. Nh4 Qf8 20. Kh1 Qg7 21. Qf3 Kf8 22.
f5 g5 23. Ng2 Ke8 24. Ne3 Rd7 25. Rf2 Bb7 26. Raf1 Nxe5 27. Qg3 Nc6 28. fxe6
fxe6 29. Rf6 Re7 30. Qh3 b4 31. Qh5+ Kd8 32. Rf7 Rxf7 33. Rxf7 Qh8 34. Rxb7
bxc3 35. Qf7 Qe8 36. Qc7# 1-0

[Event "Russian Championship G13 2016"]
[Site "Loo"]
[Date "2016.04.27"]
[Round "8.12"]
[White "Kutyanina, Mariya"]
[Black "Pakeeva, Namlana"]
[Result "1-0"]
[WhiteElo "1809"]
[BlackElo "1447"]
[PlyCount "51"]
[EventDate "2016.04.20"]

1. e4 e5 2. Nc3 Nf6 3. g3 Nc6 4. Bg2 Be7 5. Nge2 O-O 6. O-O d6 7. d3 Be6 8. f4
exf4 9. gxf4 Bg4 10. Qe1 Nb4 11. Qd2 Qd7 12. a3 Nc6 13. Qe3 Bxe2 14. Nxe2 Ng4
15. Qg3 f5 16. h3 Nf6 17. b4 Nh5 18. Qf3 Qe8 19. Kh1 fxe4 20. dxe4 Ne5 21. Qb3+
Nf7 22. Qd5 Nf6 23. Qb3 Kh8 24. Nd4 Nh5 25. Ne6 Ng3+ 26. Qxg3 1-0

[Event "Russian Championship G13 2016"]
[Site "Loo"]
[Date "2016.04.27"]
[Round "8.13"]
[White "Ershova, Sofya"]
[Black "Konova, Polina"]
[Result "1-0"]
[WhiteElo "1762"]
[BlackElo "1385"]
[PlyCount "61"]
[EventDate "2016.04.20"]

1. e4 e5 2. Nf3 Nc6 3. Bb5 d6 4. d4 exd4 5. Nxd4 Bd7 6. Nc3 g6 7. Be3 Bg7 8.
Bxc6 bxc6 9. O-O Ne7 10. Qd2 c5 11. Nde2 Nc6 12. f4 O-O 13. Rad1 Bg4 14. h3
Bxc3 15. bxc3 Be6 16. f5 Bxa2 17. f6 Re8 18. Ng3 Re6 19. Bg5 Bc4 20. Rf2 a5 21.
Qf4 a4 22. Bh6 Qe8 23. Bg7 d5 24. Nf5 gxf5 25. Qg5 Ne5 26. exf5 d4 27. fxe6
Qxe6 28. Bh8+ Kf8 29. Qg7+ Ke8 30. Qg8+ Kd7 31. Qxa8 1-0